| 000 | 00676cam a22002293a 4500 | ||
|---|---|---|---|
| 001 | 28058 | ||
| 003 | PGUSA | ||
| 005 | 20140828083615.0 | ||
| 008 | 090212s2009||||xxu|||||s|||||000 | eng d | ||
| 040 |
_aPGUSA _beng |
||
| 042 | _adc | ||
| 050 | 4 | _aTS | |
| 100 | 1 |
_aWade, Frank Bertram, _d1875- |
|
| 245 | 1 | 2 |
_aA Text-Book of Precious Stones for Jewelers and the Gem-Loving Public _h[electronic resource] / _cFrank Bertram Wade |
| 260 |
_bProject Gutenberg, _c2009 |
||
| 506 | _aPublic domain in the USA. | ||
| 516 | _aElectronic text | ||
| 653 | _aPrecious stones | ||
| 830 | 0 |
_aProject Gutenberg _v28058 |
|
| 856 | 4 | 0 | _uhttp://www.gutenberg.org/ebooks/28058 |
| 942 | _cEB | ||
| 999 |
_c257313 _d257313 |
||